000 01192nam a2200265Ia 4500
001 107289
003 DR-UNIBE
005 20250626094133.0
008 25062612025 dr spa 0000000000spa00
040 _aBIBLIOTECA UNIBE
_cBIBLIOTECA UNIBE
_erda
041 _aspa
082 0 _aRD 343.047293 C212L 2025
100 1 _aCanahuate Disla, Francisco,
_d1948-
_eautor
_9157368
245 0 _aLegislación tributaria dominicana /
_cFrancisco Canahuate Disla, Juanita Canahuate
250 _aEdición 2025
260 4 _aSanto Domingo :
_bCanahuate Rouchès,
_c2025
300 4 _a756 páginas
505 _a1. Código tributario y reglamentos de aplicación | 2. Normas generales de la dirección general de impuestos internos | 3. Regímenes especiales de tributación | 4. Leyes relativas al procedimiento tributario | 5. Acuerdos internacionales en materia tributaria |
650 _aDerecho tributario
_zRepública Dominicana
_9196606
650 _aDerecho fiscal
_zRepública Dominicana
_9180205
650 _aImpuestos
_zRepública Dominicana
_96815
700 _aCanahuate Camacho, Juanita
_9100030
_eautor
942 _cBK
_2ddc
951 _a20061022 10:18:00
999 _c113786
_d113786